Normal view
MARC view
Entry Personal Name
001 - CONTROL NUMBER
- control field: 17040
003 - CONTROL NUMBER IDENTIFIER
- control field: OSt
005 - DATE AND TIME OF LATEST TRANSACTION
- control field: 20240611121902.0
008 - FIXED-LENGTH DATA ELEMENTS
- fixed length control field: 240611|| aca||aabn | a|a d
040 ## - CATALOGING SOURCE
- Original cataloging agency: OSt
- Transcribing agency: OSt
100 ## - HEADING--PERSONAL NAME
- Personal name: Hastings, Kevin J.,
- Dates associated with a name: 1955-
- Title of a work: Introduction to the mathematics of operations research
670 ## - SOURCE DATA FOUND
- Source citation: Work cat.: (OSt)8376: Hastings, Kevin J., 1955- 17037, Introduction to the mathematics of operations research with Mathematica /, 2006.
